Central Library OPAC University of Rajshahi

বিএনপি'র রাজনীতি : (Record no. 47193)

MARC details
000 -LEADER
fixed length control field 00852nam a22002297a 4500
001 - CONTROL NUMBER
control field 47193
003 - CONTROL NUMBER IDENTIFIER
rucl marc code BD-RjUL
005 - DATE AND TIME OF LATEST TRANSACTION
control field 20211209054255.0
008 - FIXED-LENGTH DATA ELEMENTS--GENERAL INFORMATION
fixed length control field 160807s2002 bg ||||| |||| 00| 0 ben d
020 ## - INTERNATIONAL STANDARD BOOK NUMBER
Terms of availability : TK 150.00
035 ## - SYSTEM CONTROL NUMBER
System control number (BD-RjUL)47312
040 ## - CATALOGING SOURCE
Original cataloging agency BD-RjUL
Language of cataloging ben
Transcribing agency BD-RjUL
041 ## - LANGUAGE CODE
Language code of text/sound track or separate title ben
082 ## - DEWEY DECIMAL CLASSIFICATION NUMBER
Edition number 23
Classification number 320.95492
Author mark and year BNP 2002
245 00 - TITLE STATEMENT
Title বিএনপি'র রাজনীতি :
Remainder of title উন্নতি ও অগ্রগতি /
260 ## - PUBLICATION, DISTRIBUTION, ETC. (IMPRINT)
Place of publication, distribution, etc. ঢাকা :
Name of publisher, distributor, etc. রহমান বুকস,
Date of publication, distribution, etc. ২০০২
300 ## - PHYSICAL DESCRIPTION
Pagination ২০৩ পৃ. ;
Size ২১ সেমি.
650 ## - SUBJECT ADDED ENTRY--TOPICAL TERM
Topical term or geographic name as entry element সরকার ও রাজনীতি
Geographic subdivision বাংলাদেশ
9 (RLIN) 143701
Topical term or geographic name as entry element Politics & Government
Geographic subdivision Bangladesh
9 (RLIN) 143702
700 ## - ADDED ENTRY--PERSONAL NAME
Personal name ইকবাল, কাউছার, সম্পাদনা
942 ## - ADDED ENTRY ELEMENTS (KOHA)
Source of classification or shelving scheme Dewey Decimal Classification
Koha item type Books
Holdings
Lost status Source of classification or shelving scheme Damaged status Not for loan Collection code Permanent Location Current Location Shelving location Date acquired Source of acquisition Cost, normal purchase price Total Checkouts Full call number Date last seen Copy number Koha item type
  Dewey Decimal Classification     Non-fiction Central Library, University of Rajshahi Central Library, University of Rajshahi   15/09/2003 Paragon Enterprise, Dhaka. 150.00   B 320.95492 BNP 2002 07/08/2016 C-2 Books
  Dewey Decimal Classification   Not For Loan Non-fiction Central Library, University of Rajshahi Central Library, University of Rajshahi Reading Room 15/09/2003 Paragon Enterprise Ltd.Dhaka. 150.00   B 320.95492 BNP 2002 11/12/2016 C-1 Books